000 00279nam a2200121Ia 4500
005 20251222144900.0
008 251222s9999||||xx |||||||||||||| ||spa||
082 _a882.1/E91/1964
100 _aEsquilo
245 0 _aThyatre Complet
264 _bGarnier-Flammarion
942 _cLIB
999 _c21964
_d21964